00546nam a22001697a 450000500170000001000130001702000140003003500110004403700130005508200070006810000380007524500710011324600540018426000500023827000660028830000220035420190809124816.0 aUR-10362 c250.00a- aU-8917 bDBAD/PUB aک aعبد الو حيد و ا حد  aيا د و ں کے د ر يچے cعبد الو حيد و ا حد  bYadoon Ke Dariche (Urdu)aby Abdul Wahid Wahid  aMadhya PradeshbAbdul Wahid Wahid c2018 ء  aRisala Masjid Road Nimch CanttbCantte458441k07503295449l- a194 صc22 Cm(Hb)